[Event "Tata Steel India 2018-Blitz"]
[Site "Kolkata"]
[Date "2018.11.13"]
[Round "6"]
[White "Nakamura, Hikaru"]
[Black "Karjakin, Sergey"]
[Result "1/2-1/2"]
[WhiteElo "2746"]
[BlackElo "2753"]
[Annotator "TA"]
[PlyCount "64"]
[EventDate "2018.11.09"]
[EventType "tourn"]
[EventCountry "IND"]
[SourceTitle "playchess.com"]
[Source "ChessBase"]
[SourceQuality "1"]

{[%evp 15,64,11,22,-6,0,-14,0,-3,8,4,9,0,12,0,0,-12,0,0,0,-5,0,0,0,-14,-25,-22,-27,-97,-104,-94,-102,-100,-93,-122,-127,-105,-121,-177,-169,-151,-68,-68,-27,-35,0,-15,-8,-15,-3,-18,-14]} 1. Nf3 d5 2. e3 Nf6 3. c4 e6 4. b3 Be7 5. Bb2 O-O 6. Nc3 b6 7. cxd5 {A13: English Opening: 1...e6} Nxd5 8. Nxd5 exd5 {LiveBook: 5 Games} 9. d4 $146 ({Predecessor:} 9. Qc2 c5 10. a3 Nc6 11. Bb5 Bb7 12. O-O Rc8 13. Rac1 a6 14. Be2 d4 {½-½ (36) Carlsen,M (2843)-Karjakin,S (2782) Stavanger 2018}) 9... a5 10. Bd3 Ba6 11. O-O Nd7 12. Rc1 Bd6 13. Ne5 Nf6 14. Nc6 Qc8 15. f3 {e4 is the strong threat.} Re8 16. Re1 Bxd3 17. Qxd3 Qa6 18. Qc2 Re6 19. e4 {[#] Threatens to win with e5.} Bf4 $36 {[%mdl 2048] Black has some pressure.} 20. Rcd1 Qb7 21. exd5 (21. Ne5 $11 {remains equal.}) 21... Be3+ $17 ({Much worse is} 21... Nxd5 $6 22. Rxe6 fxe6 23. Bc1 $11) 22. Kh1 Nxd5 23. Ne5 Rae8 24. Qf5 f6 25. Nc4 Qc6 26. Qb1 (26. a4 $17 {was worth a try.}) 26... Bf4 $19 27. Re4 {[#]} f5 (27... b5 $1 $17 {[%cal Rb5c4]} 28. Nxa5 Qa6 29. Rxe6 Qxe6) 28. Ne5 $1 $15 {[%cal Re5c6]} Bxe5 (28... Qd6 $5 {[%cal Rf5e4]} 29. Re2 (29. Rxf4 Nxf4 30. g3 Ng6 $19) 29... Rh6 $11) 29. Rxe5 g6 30. Rc1 {The position is equal.} Qd7 31. Qc2 Kf7 32. Qc4 c6 {Precision: White = 29%, Black = 44%.} 1/2-1/2

[Event "Tata Steel India 2018-Blitz"]
[Site "Kolkata"]
[Date "2018.11.13"]
[Round "6"]
[White "Harikrishna, Pentala"]
[Black "Mamedyarov, Shakhriyar"]
[Result "1/2-1/2"]
[WhiteElo "2729"]
[BlackElo "2817"]
[Annotator "TA"]
[PlyCount "96"]
[EventDate "2018.11.09"]
[EventType "tourn"]
[EventCountry "IND"]
[SourceTitle "playchess.com"]
[Source "ChessBase"]
[SourceQuality "1"]

{[%evp 30,96,0,0,6,0,24,21,40,43,31,27,20,-33,20,-10,-14,-18,8,0,0,0,0,0,0,0,9,-38,0,-7,-7,-11,-11,-9,0,0,0,0,0,-38,-16,-34,0,-16,-17,-43,-10,-18,0,0,0,0,0,0,0,0,0,0,0,0,0,0,0,0,0,0,0,0,0]} 1. e4 e5 2. Nf3 Nc6 3. Bb5 {[%cal Bf1b5,Bb5a4,Ba4b3][%mdl 32]} a6 4. Ba4 Nf6 5. O-O Nxe4 6. d4 b5 7. Bb3 d5 8. dxe5 Be6 9. Nbd2 Nc5 10. c3 d4 11. Bxe6 Nxe6 12. cxd4 Ncxd4 13. Nxd4 Qxd4 14. Qf3 Rd8 {C80: Spanische Partie (Offene Verteidigung)} 15. Qc6+ (15. a4 Bb4 16. Qc6+ Qd7 17. Qxd7+ Rxd7 18. Ne4 bxa4 19. Rxa4 {½-½ (50) Mamedov,R (2657)-Mikhalevski,V (2536) Berlin 2015}) 15... Qd7 16. Qxa6 {LiveBook: 3 Partien} Qd5 17. Qa5 Be7 $146 ({Vorgänger:} 17... Qxe5 18. a4 c6 19. Nf3 Qd5 20. Be3 Bc5 21. Bxc5 Qxc5 22. Rfc1 {½-½ (35) Petrov,M (2489)-Arvola,B (2347) Can Picafort 2013}) 18. Nf3 g5 19. Be3 g4 20. Nd2 Qxe5 21. Qc3 ({Günstiger ist} 21. Rae1 $11) 21... Bd6 (21... Qxc3 $15 22. bxc3 f5) 22. g3 (22. Qc6+ {keeps more tension.} Kf8 23. g3 h5 24. Rfe1 Kg8 25. a4) 22... O-O 23. a4 bxa4 24. Qxe5 Bxe5 25. Rxa4 f5 26. Nc4 Bd4 27. Kg2 h5 28. h3 Bxe3 (28... f4 {seems wilder.} 29. hxg4 fxe3 30. fxe3 Rxf1 31. Kxf1 Bf6) 29. Nxe3 {[%cal Rh3g4]} f4 30. gxf4 Nxf4+ 31. Kg3 Nxh3 {[#] Und ...Tf3+ würde nun gewinnen.} 32. Nxg4 Rd3+ 33. f3 Ng5 {[%cal Rg5f3]} 34. Nh2 Kh7 {Droht ...Tg8 und aus.} 35. Rc4 Rf7 36. Rfc1 Ne6 37. R1c2 Rd1 38. Kf2 {Die Stellung ist ausgeglichen.} Rg7 39. Nf1 Rf7 40. Rc6 Rf6 41. Ng3 {[#] Und weiter mit Se4 wäre nett.} Rd3 42. Ne4 Rfxf3+ 43. Kg1 Nd4 {zielt auf ...Tf4 ab.} 44. Ng5+ Kg7 45. Rxc7+ Kf6 46. Nxf3 Nxc2 47. Rc6+ Kf5 48. Rxc2 {Schwarz muss nun Kf2 beachten.} Rxf3 {Precision: Weiß = 62%, Schwarz = 39%.} 1/2-1/2

[Event "Tata Steel India 2018-Blitz"]
[Site "Kolkata"]
[Date "2018.11.13"]
[Round "6"]
[White "Ganguly, Surya Shekhar"]
[Black "Vidit, Santosh Gujrathi"]
[Result "0-1"]
[WhiteElo "2615"]
[BlackElo "2702"]
[Annotator "TA"]
[PlyCount "90"]
[EventDate "2018.11.09"]
[EventType "tourn"]
[EventCountry "IND"]
[SourceTitle "playchess.com"]
[Source "ChessBase"]
[SourceQuality "1"]

{[%evp 14,90,10,10,8,0,11,7,9,0,0,0,17,0,0,0,6,-17,38,8,27,35,63,70,88,77,121,120,107,128,249,255,242,229,219,14,33,22,39,0,39,30,86,82,75,0,0,-117,-68,-94,0,-124,-108,-138,748,-120,2,-73,-105,-287,-169,-278,-65,-60,0,-200,-110,-425,-416,-495,-502,-489,-486,-625,-569,-769,-741,-2267,-2291]} 1. e4 e5 2. Nf3 Nc6 3. Bc4 Bc5 4. c3 Nf6 5. d3 O-O 6. b4 Be7 7. Nbd2 {C54: Giuoco Piano: 4 c3 Nf6, main lines with 5 d4 and 5 d3} d5 8. Bb3 {LiveBook: 11 Games} a5 (8... dxe4 9. dxe4 Qd3 10. Bb2 a5 11. Bc4 Qd6 12. b5 Nd8 13. a4 Ne6 14. Qc2 Nd7 15. O-O Nf4 16. g3 {½-½ (16) Rapport,R (2719)-Kravtsiv,M (2654) Abu Dhabi 2018}) 9. b5 {The position is equal.} Na7 10. a4 $146 ({Predecessor:} 10. c4 dxc4 11. Bxc4 c6 12. a4 Qb6 13. Ba3 Bxa3 14. Rxa3 {½-½ (74) Attard,I (1942)-Overgaard,J (2173) ICCF email 2005}) 10... c6 11. b6 Qxb6 12. Nxe5 Qc7 (12... Bd6 {is interesting.} 13. Nef3 Bg4 14. Qc2 Rfe8 15. O-O Bh5) 13. Nef3 dxe4 14. dxe4 Bg4 15. O-O Nd7 (15... Nc8 $11) 16. Qe2 Nc5 17. Bc2 b5 18. e5 bxa4 19. Ba3 {Bxc5 is the strong threat.} Bh5 20. Bxc5 Bxc5 21. Rxa4 Rfe8 {[#]} (21... Be7 $16 22. Qe3 c5) 22. Bxh7+ $1 $18 {[%mdl 512]} Kxh7 23. Rh4 (23. Ng5+ Kg6 $11) 23... g6 24. g4 $2 (24. Qc4 $1 $18 {[%cal Rc4c5]} Rxe5 25. Nxe5 Qxe5 26. g4 (26. Qxf7+ Kh6 $18)) 24... Be7 $11 25. Rh3 $1 {[%cal Bh4h3,Bh3g3,Bg3g4][%mdl 32]} Qc8 26. Qe4 {And now Nd4 would win.} Kg7 27. Rg3 $1 {[#]} Bxg4 $1 {[%mdl 512]} 28. Rxg4 $16 (28. Qxg4 Qxg4) 28... Nb5 29. Kh1 (29. Qf4 $16) 29... Nxc3 $11 30. Qf4 (30. Qc4 $1 $11 {was the only way to keep the balance.}) 30... Nd5 31. Qe4 Nc3 32. Qf4 c5 33. Nc4 Qc6 $2 {[%mdl 8192]} (33... Qe6 $17 34. Ra1 Reb8) 34. Ne3 $2 (34. Nd6 $1 $18 Qd5 35. Nxe8+ Rxe8 36. Qe3) 34... Bf8 (34... Ne2 $1 $17 {[%cal Re2f4]} 35. Nf5+ Kg8) 35. Nf5+ (35. Kg2 $11 Ra7 36. Nf5+ Kg8 37. Nh6+ Kg7 38. Nf5+ Kg8 39. Nh6+ Bxh6 40. Qxh6 Rxe5 41. Rh4) 35... Kg8 $17 {Threatens to win with ...Rab8.} 36. Qg3 $2 (36. Re1 $17 {was worth a try.}) 36... Rad8 (36... a4 $142 {Hoping for ...a3.} 37. N5h4 Ne2) 37. Nd6 {[#]} (37. Qg2 $142) 37... Rxd6 $2 ({And not} 37... Bxd6 {[#]} 38. Rxg6+ $1 {[%mdl 512]} Kf8 39. Rg8+ Ke7 40. exd6+ Kd7 41. Qg4+ Kxd6 42. Qf4+ Kd7 43. Rxe8 $11 (43. Qxf7+ Kc8 $11)) (37... Re6 $1 $19 38. Rh4 Bxd6 39. exd6 Re4) 38. exd6 $15 Qxd6 ({Better is} 38... a4 $15 39. h4 Re6) 39. Qh3 $2 (39. Qxd6 $11 {and White stays safe.} Bxd6 40. Rc4) 39... Bg7 ({Black should try} 39... a4 $19 {aiming for ...a3.} 40. Ng5 Bg7) 40. Rfg1 $2 {[%mdl 8192]} (40. Qg2 $17 {is tougher.}) 40... Qd5 $19 41. Rg5 Qc6 {Black is clearly winning.} 42. Qg2 a4 {[%cal Ba5a4,Ba4a3][%mdl 32]} 43. h4 Ne2 44. Rg4 Nxg1 45. Kxg1 a3 {Precision: White = 35%, Black = 29%.} 0-1

[Event "Tata Steel India 2018-Blitz"]
[Site "Kolkata"]
[Date "2018.11.13"]
[Round "6"]
[White "Praggnanandhaa R"]
[Black "Anand, Viswanathan"]
[Result "0-1"]
[WhiteElo "2530"]
[BlackElo "2773"]
[Annotator "TA"]
[PlyCount "98"]
[EventDate "2018.11.09"]
[EventType "tourn"]
[EventCountry "IND"]
[SourceTitle "playchess.com"]
[Source "ChessBase"]
[SourceQuality "1"]

{[%evp 13,98,14,22,13,26,26,56,40,58,44,53,63,156,130,134,135,238,51,40,48,35,-87,-85,-112,-35,-298,0,-32,-25,-557,-555,-2329,-239,-2297,-2295,-1866,-1883,-1253,-983,-942,-947,-1358,-1323,-1358,-1359,-29981,-1525,-1033,-1013,-29979,-29980,-29997,-12838,-6403,-757,-742,-739,-717,-711,-643,-604,-812,-776,-833,-799,-1272,-1200,-1165,-1013,-1679,-884,-838,-783,-1670,-1748,-2491,-2395,-12839,-12840,-2676,-2624,-12846,-12842,-12844,-6287,-12848,-12848]} 1. e4 c5 2. Nf3 d6 3. d4 cxd4 4. Nxd4 Nf6 5. Nc3 a6 6. a3 g6 {B90: Sicilian Najdorf: Unusual White 6th moves, 6 Be3 Ng4 and 6 Be3 e5} (6... e5 7. Nf3 Be7 8. Bc4 O-O 9. Bg5 Be6 10. Bxf6 Bxc4 11. Bxe7 Qxe7 12. Nd2 Be6 13. Nf1 Nd7 14. Ne3 Nf6 15. O-O Rac8 16. Qd3 Rc6 17. Rfd1 Rfc8 18. f3 g6 19. Kh1 Kg7 20. Qd2 {½-½ (20) Anand,V (2782)-Nepomniachtchi,I (2729) Riadh 2017}) 7. Be2 Bg7 {LiveBook: 6 Games} 8. Be3 O-O {The position is equal.} 9. Qd2 b5 10. O-O-O Bb7 11. f3 Nbd7 12. h4 Ne5 $146 ({Black should play} 12... Rc8 $14) ({Predecessor:} 12... h5 13. g4 Rc8 14. Bh6 Bxh6 15. Qxh6 Rxc3 16. bxc3 {1-0 (24) Vaishali,R (2313)-Sadhwani,R (2438) Douglas 2018}) 13. Bh6 Bxh6 14. Qxh6 Rc8 {[#]} (14... e6 $16) 15. g4 $2 (15. h5 $1 $18 {[%cal Rh5g6][%mdl 512]} Qd7 (15... Nxh5 16. Rxh5) 16. g4) 15... Rxc3 $1 $14 16. bxc3 Qa5 17. Nf5 (17. Kb2 $1 $14 {keeps the upper hand.}) 17... gxf5 18. gxf5 {Black must now prevent Rdg1+.} Qxc3 (18... Neg4 $17 19. Rhg1 Rc8) 19. Rdg1+ $2 {[%mdl 8192]} (19. Rhg1+ $15 Nfg4 20. Kb1) 19... Ng6 $2 (19... Nfg4 $19 20. Kb1 Rc8) 20. fxg6 fxg6 $40 {[%mdl 128] Black has some attack.} 21. h5 $2 {[%mdl 8192] [#]} (21. Bd3 $11) 21... Bxe4 $1 $19 {[%mdl 512]} 22. fxe4 {Strongly threatening Kb1.} Qa1+ 23. Kd2 Nxe4+ ({Worse is} 23... Qd4+ 24. Ke1 $11) 24. Ke3 Qc3+ 25. Bd3 Qd2+ 26. Kxe4 Qxh6 27. hxg6 Qf4+ 28. Kd5 h6 29. g7 Rc8 (29... Qf3+ $142 30. Ke6 Qe3+ 31. Kd7 Qa7+ 32. Kc6 Rc8+ 33. Kd5 Qe3 34. Bh7+ Kxh7 35. g8=Q+ Rxg8 36. Rxg8 Kxg8 37. Rb1 Qxa3 38. Kc6 Qc5+ 39. Kd7 Qxc2 40. Rg1+ Kf7 41. Rf1+ Kg6 42. Rg1+ Kf6 43. Rh1 b4 44. Rxh6+ Kg5 45. Rh1 b3 46. Rg1+ Kf6 47. Kd8 Qf5 48. Rg3 Qa5+ 49. Kc8 Qc5+ 50. Kd8 Qb6+ 51. Kd7 Qb7+ 52. Kd8 b2 53. Rg1 Qb6+ 54. Kc8 Qxg1 55. Kd8 b1=Q 56. Kc8 Qa7 57. Kd8 Qbb8#) 30. Ke6 {[#]} d5 $1 {( -> ...Rc6+)} 31. Rg6 (31. Kxd5 Rc5+) 31... Rc6+ 32. Kxe7 Rxg6 (32... Qf7+ $142 33. Kd8 Rc7 34. Rhxh6 Qe7#) 33. Bxg6 {Black is clearly winning.} Kxg7 {[%mdl 4096] Endgame KQ-KRB} (33... Qg5+ $142 34. Kd7 Qxg6) 34. Bd3 Qe5+ 35. Kd7 h5 36. Rg1+ Kf6 37. Rg6+ Kf7 38. Rh6 a5 {[%cal Ba6a5,Ba5b4][%mdl 32]} 39. Kc6 b4 40. axb4 axb4 41. Kd7 Kg7 42. Re6 Qd4 43. Ke8 Qg4 44. Ke7 h4 {[%cal Bh5h4,Bh4h3,Bh3h2][%mdl 32]} 45. Be2 Qg5+ 46. Kd6 h3 47. Re7+ Kf8 48. Re5 Qf6+ (48... Qf4 $142 49. Kxd5 h2) 49. Kxd5 h2 {Precision: White = 20%, Black = 59%.} 0-1

[Event "Tata Steel India 2018-Blitz"]
[Site "Kolkata"]
[Date "2018.11.13"]
[Round "7"]
[White "Mamedyarov, Shakhriyar"]
[Black "Aronian, Levon"]
[Result "1/2-1/2"]
[WhiteElo "2817"]
[BlackElo "2765"]
[Annotator "TA"]
[PlyCount "135"]
[EventDate "2018.11.09"]
[EventType "tourn"]
[EventCountry "IND"]
[SourceTitle "playchess.com"]
[Source "ChessBase"]
[SourceQuality "1"]

{[%evp 15,135,-6,8,-31,-3,-2,0,0,0,-15,18,23,37,60,62,57,137,163,150,159,141,156,166,159,212,207,225,203,208,182,166,175,246,215,194,200,202,131,191,135,193,193,197,191,192,191,175,113,116,51,52,51,56,17,99,51,51,51,77,35,45,54,67,64,93,96,103,103,115,113,110,137,106,116,121,72,72,22,43,20,17,8,8,8,15,8,18,8,8,8,8,8,8,0,0,0,0,0,0,-16,-16,-16,-16,-16,-9,-8,-8,-8,0,0,0,0,0,-8,-8,-16,-16,-16,-8,-18,-8,-8]} 1. d4 Nf6 2. c4 e6 3. Nc3 Bb4 4. f3 c5 5. d5 O-O 6. e4 d6 {E20: Nimzoindisch (Seltene Züge)} (6... b5 7. e5 Ne8 8. f4 exd5 9. cxd5 d6 10. Nf3 Nc7 11. a4 Bb7 12. Bd3 h6 13. O-O c4 14. Bb1 dxe5 15. fxe5 Nxd5 16. Nxb5 {1-0 (36) Mamedyarov,S (2799)-Le,Q (2737) Huaian 2017}) 7. Bg5 exd5 8. cxd5 Nbd7 {LiveBook: 4 Partien} 9. Bd3 Ne5 10. Nge2 $146 ({Vorgänger:} 10. Be3 Bxc3+ 11. bxc3 Qa5 12. Ne2 Bd7 13. Bg5 Bb5 14. Bxb5 Qxb5 {1-0 (38) Djukic,S (2029)-Kublashvili,E (2097) Urgup 2004}) 10... c4 11. Bc2 Bc5 12. Qd2 h6 13. Be3 Qb6 14. Bxc5 Qxc5 15. Qd4 b5 ({Günstiger ist} 15... b6 $14) 16. Qxc5 $16 dxc5 17. Nxb5 Rb8 18. Nbc3 Rxb2 19. Kd2 $1 Nfd7 (19... Rb6 $16 20. Rhb1 Ra6) 20. Rhb1 $18 Rb4 21. a3 Rb6 22. f4 {Droht Txb6 und aus.} Nd3 23. Rxb6 axb6 (23... Nxb6 {kämpft weiter.} 24. Rb1 (24. Bxd3 cxd3 25. Kxd3 Rd8 $16) 24... Ba6) 24. Bxd3 cxd3 25. Kxd3 Ba6+ 26. Kd2 f6 (26... b5 $16 {ist wohl besser.} 27. Nc1 Rc8) 27. Rb1 (27. a4 $18) 27... Ra8 (27... g5 $16 28. a4 Kf7) 28. a4 Kf7 29. h4 g5 30. hxg5 hxg5 31. fxg5 (31. Rh1 $1 $18) 31... Rg8 $16 32. Ke3 ({Lieber} 32. Rh1 $16) 32... Rxg5 $14 33. g3 Ne5 34. Kf2 Nc4 (34... Rh5 $11 {bleibt in der Remisbreite.}) 35. Rh1 Bc8 36. Nf4 Bd7 37. Rb1 Ke7 38. a5 bxa5 39. Rb7 Rg8 {[#]} 40. Nd3 $1 Rc8 41. Na4 Nd6 {[#]} 42. Ra7 $1 ({Viel schwächer wäre} 42. Rxd7+ $6 Kxd7 43. Nb6+ Kc7 $11) 42... Nxe4+ 43. Ke3 c4 44. Nb6 Rd8 45. Nxc4 Nd6 46. Nxa5 {Schwarz muss nun Sc6+ beachten.} Nb5 47. Ra6 Rg8 {Die Stellung ist ausgeglichen.} 48. Kf2 Rg5 49. Nf4 Nd6 50. Ra7 {Sc6+ ist eine echte Drohung.} Ke8 51. Nb3 Ne4+ 52. Kf3 Rxg3+ 53. Kxe4 Rxb3 $11 {[%mdl 4096] Endspiel KTL-KTS} 54. d6 Rb4+ 55. Ke3 Rb6 56. Ra8+ Kf7 57. Ra7 Rxd6 58. Ra5 Bg4 59. Ra7+ Ke8 60. Ra8+ Kd7 61. Ra7+ Kc8 62. Rg7 Bd7 63. Rf7 Be8 64. Ra7 Kd8 65. Ra8+ Ke7 66. Ra7+ Bd7 67. Ra5 f5 68. Re5+ {Precision: Weiß = 61%, Schwarz = 52%.} 1/2-1/2

[Event "Tata Steel India 2018-Blitz"]
[Site "Kolkata"]
[Date "2018.11.13"]
[Round "7"]
[White "Anand, Viswanathan"]
[Black "Nakamura, Hikaru"]
[Result "1/2-1/2"]
[WhiteElo "2773"]
[BlackElo "2746"]
[Annotator "TA"]
[PlyCount "64"]
[EventDate "2018.11.09"]
[EventType "tourn"]
[EventCountry "IND"]
[SourceTitle "playchess.com"]
[Source "ChessBase"]
[SourceQuality "1"]

{[%evp 23,64,14,14,0,0,2,12,8,14,14,28,8,31,14,31,31,38,32,30,31,37,18,20,18,19,0,0,0,10,10,11,2,5,0,0,0,39,0,0,0,0,0,0]} 1. e4 e5 2. Nf3 Nc6 3. Bb5 Nf6 4. O-O Nxe4 5. d4 Nd6 6. Bxc6 dxc6 7. dxe5 Nf5 8. Qxd8+ Kxd8 9. Nc3 Ke8 10. h3 h5 {C67: Spanische Partie (Berliner Verteidigung)} 11. Bg5 (11. Bf4 Be7 12. Rfe1 Be6 13. Ne4 h4 14. c3 Rd8 15. Nfg5 Rh6 16. g4 hxg3 17. fxg3 c5 18. Nxe6 Rxe6 {1-0 (50) Duda,J (2737)-Karjakin,S (2773) chess.com INT 2018}) 11... Be6 12. Rad1 Be7 {LiveBook: 26 Partien} 13. Rfe1 (13. Ne4 {keeps more tension.} b6 14. Bf4 Rd8 15. Nfg5 Rd5 16. Rfe1) 13... Rd8 14. Rxd8+ Kxd8 15. b3 Ke8 16. Rd1 h4 17. Kf1 {[#]} Rh5 $146 ({Vorgänger:} 17... f6 18. Bf4 {½-½ (41) Hou,Y (2639)-Ni,H (2637) Xinghua 2012}) 18. Bc1 Bb4 19. Ne2 Bd5 20. Nf4 Bxf3 $1 21. gxf3 Rh8 22. Ng2 Ke7 23. Ne3 (23. Ke2 {is more complex.} Bc5 24. Bb2 b5 25. f4 Ke6 26. Kf3) 23... Nxe3+ 24. Bxe3 $11 {[%mdl 4096] Endspiel KTL-KTL} Ke6 25. f4 Rc8 26. Ke2 g6 27. Kf3 Kf5 28. Rd7 Ke6 29. Rd3 a6 30. Ke4 Be7 {Die Stellung ist ausgeglichen.} 31. Rd1 Re8 32. c4 c5 {Precision: Weiß = 61%, Schwarz = 51%.} 1/2-1/2

[Event "Tata Steel India 2018-Blitz"]
[Site "Kolkata"]
[Date "2018.11.13"]
[Round "7"]
[White "So, Wesley"]
[Black "Ganguly, Surya Shekhar"]
[Result "1-0"]
[WhiteElo "2765"]
[BlackElo "2615"]
[Annotator "TA"]
[PlyCount "53"]
[EventDate "2018.11.09"]
[EventType "tourn"]
[EventCountry "IND"]
[SourceTitle "playchess.com"]
[Source "ChessBase"]
[SourceQuality "1"]

{[%evp 18,53,11,0,25,29,50,-7,0,0,16,6,52,42,42,28,44,-7,-19,-25,35,28,50,50,245,233,400,383,359,395,391,396,395,159,404,404,391,389]} 1. c4 e5 2. g3 Nf6 3. Bg2 d5 4. cxd5 Nxd5 5. Nc3 Nb6 6. Nf3 Nc6 7. O-O Be7 8. d3 O-O 9. Be3 Re8 10. a4 {[%cal Ba2a4,Ba4a5][%mdl 32] LiveBook: 20 Games. A29: English Opening: Four Knights Variation with 4 g3} a6 11. a5 Nd7 $1 12. Nd2 ({White should try} 12. d4 $14) 12... Nd4 13. Nc4 Bf8 {[#]} 14. f4 $146 ({Predecessor:} 14. Rb1 Rb8 15. b4 c6 16. Ne4 Qc7 17. Re1 Nf5 {1-0 (51) Markowski,T (2629)-Jakubowski,K (2502) Warsaw 2010}) 14... Nf5 15. Bd2 $36 {[%mdl 2048] White has some pressure.} exf4 16. Bxf4 Nf6 17. Kh1 (17. e4 $14 Nd4 18. Bg5) 17... Nh5 $11 18. Qd2 Bb4 (18... Nd4 $11 19. Rab1 Nxf4 20. Qxf4 Be6) 19. g4 $14 {[%cal Bg3g4,Bg4g5][%mdl 32]} Nxf4 20. Qxf4 Nh6 $2 (20... Bd6 $14 21. Qf2 (21. Nxd6 Nxd6 22. d4 Qd7 $14) 21... Nh6) 21. Nd5 $18 {Hoping for g5.} Bd6 $2 (21... Be7 {was necessary.} 22. Nxc7 Bg5) 22. Nxd6 cxd6 {[#]} 23. g5 $1 {[%cal Rg5h6]} Nf5 24. e4 Nd4 25. Qxf7+ Kh8 26. Nc7 Be6 27. Qxe8+ {Precision: White = 67%, Black = 40%.} 1-0

[Event "Tata Steel India 2018-Blitz"]
[Site "Kolkata"]
[Date "2018.11.13"]
[Round "7"]
[White "Karjakin, Sergey"]
[Black "Harikrishna, Pentala"]
[Result "1/2-1/2"]
[WhiteElo "2753"]
[BlackElo "2729"]
[Annotator "TA"]
[PlyCount "230"]
[EventDate "2018.11.09"]
[EventType "tourn"]
[EventCountry "IND"]
[SourceTitle "playchess.com"]
[Source "ChessBase"]
[SourceQuality "1"]

{[%evp 20,230,7,0,91,91,98,-21,-14,-22,16,19,20,9,38,32,26,29,61,8,41,12,10,0,0,0,75,45,72,64,69,33,57,33,95,94,95,0,0,0,0,0,0,0,82,82,97,89,89,89,90,40,74,68,90,75,97,97,97,97,97,97,97,10,10,10,10,5,9,0,8,8,8,8,8,8,10,12,14,3,12,-25,11,12,28,28,28,28,35,28,183,35,35,35,35,35,35,35,35,0,0,0,35,35,35,28,35,35,35,35,35,28,35,35,35,35,35,0,35,32,35,0,7,0,0,0,26,26,16,16,20,30,30,12,11,0,0,0,0,0,0,0,0,0,0,0,0,0,0,0,0,0,0,0,8,0,0,0,0,0,0,0,0,0,0,0,0,0,0,0,0,0,0,0,0,0,0,0,0,0,0,0,0,0,0,0,0,0,0,0,0,0,0,0,0,0,0,0,0,0,0,0,0,0,0,0,0,0,0,0,0,0,0]} 1. e4 e5 2. Nf3 Nc6 3. Bb5 Nf6 4. d3 Bc5 5. O-O Nd4 6. Nxd4 Bxd4 7. c3 {C65: Ruy Lopez: Berlin Defence (3...Nf6), unusual lines and 4 0-0 Bc5} Bb6 8. Ba4 c6 9. Na3 d6 10. Nc4 Bc7 11. Bb3 {LiveBook: 12 Games} d5 $146 (11... a5 $11 {keeps the balance.}) ({Predecessor:} 11... h6 12. Ne3 d5 13. exd5 cxd5 14. d4 e4 {1-0 (35) Anand,V (2768)-Nakamura,H (2777) Saint Louis 2018}) 12. exd5 $16 cxd5 {[#]} 13. Ne3 (13. Nxe5 $1 $16 {[%mdl 512]} Bxe5 14. Re1) 13... O-O $11 14. d4 Be6 15. dxe5 Bxe5 16. Nc2 Qc7 17. h3 h6 18. Be3 Ne4 19. Bd4 ({Better is} 19. Re1 $14) 19... Bh2+ 20. Kh1 Bf4 21. Ne3 Rad8 22. Qh5 Nd2 (22... b5 $1 $11) 23. Rfe1 {[%cal Re3d5]} Nxb3 24. axb3 a6 25. Re2 Qd7 26. Rae1 Bc7 (26... a5 $14) 27. Ng4 $16 Bxg4 28. hxg4 (28. Qxg4 $16 {[%csl Gd4][%cal Rg4g7]} f6 29. Qg6) 28... Rfe8 $11 29. g3 $40 {[%mdl 128] White attacks.} Re4 30. Qf5 (30. Rxe4 {looks sharper.} dxe4 31. Kg2 Re8 32. Qf5 Qc6 33. g5) 30... Qxf5 ({Wrong is} 30... Rxg4 $2 {[#]} 31. Re8+ $1 {[%mdl 512]} Rxe8 32. Qxd7 $18) 31. gxf5 Rxe2 (31... Rde8 $1 $11 32. Rxe4 Rxe4) 32. Rxe2 {[%mdl 4096] Endgame KRB-KRB} Bd6 33. Kg2 f6 34. f4 Kf7 35. Re6 Rd7 36. Kf3 Be7 37. g4 Rc7 38. b4 Rc6 39. Re1 Rc4 40. Ra1 Rc7 41. b5 ({White should try} 41. Rd1 $16) 41... axb5 42. Ra5 b4 $1 43. Rxd5 bxc3 44. bxc3 Ke8 45. Ke4 Rd7 46. Rb5 Bd6 47. c4 Re7+ 48. Kf3 Rd7 49. Be3 Rc7 50. Ke4 Be7 51. c5 Bf8 52. Kd5 Rd7+ 53. Kc4 Re7 54. Bd4 Kd8 $2 (54... Rc7 $11 {and Black stays safe.}) 55. Ra5 (55. c6 $1 $18 {[%cal Rc6b7]} Kc8 56. Bc5 bxc6 57. Ra5 Re4+ 58. Kd3 Bxc5 59. Kxe4) 55... Rc7 $14 56. Kb5 Rc6 57. Ra8+ Rc8 58. Ra7 (58. Ra1 {keeps more tension.} Rc7 59. Kb6 Kd7 60. Ra8 Rc6+ 61. Kb5) 58... Rc7 $1 59. Kb6 Rc6+ $1 60. Kb5 $1 Rc7 61. Bf2 Be7 62. Ra4 Kd7 63. Ra8 {aiming for Rg8.} Rc8 64. Ra7 Rc7 $1 65. Bd4 Kd8 66. Ra4 Rc6 67. Ra8+ Rc8 $1 {[%cal Rc8a8]} 68. Ra4 (68. Ra1 {with more complications.} Kd7 69. Be3 Rc6 70. Ra3 Rc8 71. Bd4) 68... Rc7 69. Be3 Rc6 70. Re4 Kd7 71. Bd4 Ra6 72. Kc4 Ra4+ 73. Kd5 Ra5 74. Re6 Rb5 75. Re2 Bd8 76. Ra2 Ra5 {The position is equal.} 77. Re2 b6 78. Re6 bxc5 79. Bxc5 Ra4 80. Rd6+ Ke8 81. Re6+ Kf7 82. Bd6 Ra5+ 83. Kc6 Ra7 84. Re2 g6 85. fxg6+ Kxg6 86. Re8 Ba5 87. f5+ Kf7 88. Rh8 {Strongly threatening Rh7+.} Kg7 89. Rc8 Bd2 90. Kd5 Ra4 91. Rc7+ Kg8 92. Ke6 Ra6 93. Rd7 Bf4 94. Ke7 Bg5 95. Rd8+ Kg7 96. Rd7 Kg8 97. Bc5 Ra4 98. Bd4 Kg7 {[#]} 99. Bxf6+ $1 {[%mdl 512]} Bxf6+ $11 {KRB-KR} 100. Ke6+ Kg8 {Hoping for ...Bg5.} 101. Kxf6 Rxg4 {KR-KR} 102. Rd8+ Kh7 103. Kf7 h5 104. f6 Ra4 105. Ke6 {Threatens to win with f7.} Ra6+ $1 106. Ke7 {f7 would kill now.} Ra7+ 107. Rd7 Ra8 ({Avoid the trap} 107... Rxd7+ $2 108. Kxd7 Kg6 109. Ke7 $18) 108. Kf7 (108. Rd1 {is more complex.} Kg6 109. Rg1+ Kf5 110. Rf1+ Kg5 111. f7) 108... Kh6 109. Re7 h4 110. Re3 Kg5 111. Kg7 Kg4 112. f7 Ra7 113. Kg6 Rxf7 114. Kxf7 h3 115. Rxh3 Kxh3 {Precision: White = 55%, Black = 68%.} 1/2-1/2